000 00820nam a2200241 i 4500
001 bg
245 0 0 _aĆwiczenia laboratoryjne z fizyki :
_bpodręcznik dla studentów wyższych szkół technicznych : praca zbiorowa.Cz. /
_cpod red. Barbary Oleś i Małgorzaty Duraj ; Politechnika Krakowska im. Tadeusza Kościuszki
_n1.
260 _aKraków :
_bPK,
_c2000.
300 _a352 s. :
_bil. ;
_c24 cm.
504 _aBibliogr. przy rozdz.
650 9 _aFizyka
655 _aPodręczniki akademickie
700 1 _aOLEŚ, Barbara.
_eRed.
700 1 _aDURAJ, Małgorzata.
_eRed.
710 0 _aPolitechnika Krakowska im. Tadeusza Kościuszki
020 _a8372421005
040 _cBPK
041 0 _apl
080 _a53(075.8)
920 _a83-7242-100-5
942 _cKS
008 s pl f |000 0 pol
999 _c38869
_d38869
856 _uhttp://koha.tu.koszalin.pl/cgi-bin/koha/opac-detail.pl?biblionumber=38869
_yKatalog online BPK